Govt. of
Madhya Pradesh

A Life In Public Service Nepal From Autocracy To Democracy (Record no. 68682)

MARC details
000 -LEADER
fixed length control field 00280nam a22001097a 4500
082 ## - DEWEY DECIMAL CLASSIFICATION NUMBER
Classification number 900/THA
100 ## - MAIN ENTRY--AUTHOR NAME
Personal name Thapa,Bhekh Bahadur
245 ## - TITLE STATEMENT
Title A Life In Public Service Nepal From Autocracy To Democracy
260 ## - PUBLICATION, DISTRIBUTION, ETC. (IMPRINT)
Place of publication Harayana
Name of publisher Penguin
Year of publication 2026
650 ## - SUBJECT ADDED ENTRY--TOPICAL TERM
Topical Term History
942 ## - ADDED ENTRY ELEMENTS (KOHA)
Koha item type Books
Holdings
Withdrawn status Lost status Damaged status Not for loan Home library Current library Date acquired Cost, normal purchase price Full call number Accession Number Price effective from Koha item type
        MACL MACL 25/02/2026 699.00 900/THA DPI004191 25/02/2026 Books